| 000 | 00448cam a2200193ua 4500 | ||
|---|---|---|---|
| 020 | _c5.00 | ||
| 041 |
_ahin _h |
||
| 082 |
_a891.54 _bJAY/KA |
||
| 100 | _aJayasankar prasad, . | ||
| 245 |
_aKamayani / _cJayashankar prasad. _hTextual Documents |
||
| 250 |
_a2 / _b. |
||
| 260 |
_a : _bBharatiya Bhandar , _c1955. |
||
| 300 | _a302 ; . | ||
| 365 | _a5.00 | ||
| 504 | _a | ||
| 942 | _cBK | ||
| 999 |
_c3736 _d3736 |
||